| 000 | 00694cam a2200181 4500 | ||
|---|---|---|---|
| 005 | 20260521123405.0 | ||
| 008 | 260521b gw |||||||| |||| 00| 0 spa d | ||
| 050 | 0 | 4 |
_aKK7987 _bB38 1973 |
| 100 | 1 | _aBaumann, Jürgen | |
| 240 |
_aGrundbegriffe und System des Strafrechts. _lEspañol |
||
| 245 | 0 |
_aDerecho penal _b : conceptos fundamentales y sistema : introducción a la sistemática sobre la base de casos _b / Jürgen Baumann ; traducción por Conrado A. Finzi |
|
| 250 | _a1a ed. | ||
| 260 |
_aBuenos Aires : _bEdiciones Depalma, _c1973 |
||
| 300 |
_axviii; 276 p. ; _c20 cm. |
||
| 650 | 7 |
_2lemb _aDerecho penal _zAlemania |
|
| 700 | 1 |
_aFinzi, Conrado A., _etradutor |
|
| 942 |
_2lcc _cLIB |
||
| 999 |
_c137570 _d137568 |
||